Thực hành bệnh tim mạch

Mở đầu cuốn sách là bài nói về các vấn đề cấp cứu cơ bản trong tim mạch. Tiếp theo là ba mươi tám bài viết về các bệnh lý cơ bản trong tim mạch. Với mỗi bệnh lý lại có đầy đủ các nội dung: đại cương về bệnh; nguyên nhân gây bệnh; c...

Fuld beskrivelse

Đã lưu trong:
Bibliografiske detaljer
Hovedforfatter: Nguyễn Lân Việt (Chủ biên)
Format: Bog
Sprog:Vietnamese
Udgivet: H. Y học 2015
Udgivelse:Tái bản lần thứ năm có sữa chữa
Fag:
Tags: Tilføj Tag
Ingen Tags, Vær først til at tagge denne postø!
Thư viện lưu trữ: Thư viện Trường Đại học Nam Cần Thơ
LEADER 02398nam a22002777a 4500
001 NCT_32113
008 180421b xxu||||| |||| 00| 0 vie d
999 |c 1544  |d 1544 
020 |a 978604661504  |c 202000 
082 0 4 |2 23rd ed.  |a 616.1  |b V308 
100 1 |a Nguyễn Lân Việt  |e Chủ biên 
245 1 0 |a Thực hành bệnh tim mạch  |c Nguyễn Lân Việt 
250 |a Tái bản lần thứ năm có sữa chữa 
260 |a H.  |b Y học  |c 2015 
300 |a 499 tr.  |b Bảng  |c 24cm 
520 3 |a Mở đầu cuốn sách là bài nói về các vấn đề cấp cứu cơ bản trong tim mạch. Tiếp theo là ba mươi tám bài viết về các bệnh lý cơ bản trong tim mạch. Với mỗi bệnh lý lại có đầy đủ các nội dung: đại cương về bệnh; nguyên nhân gây bệnh; cơ chế bệnh sinh, sinh lý bệnh; chẩn đoán xác định bệnh thông qua các triệu chứng lâm sàng, cận lâm sàng; chẩn đoán phân biệt với các bệnh khác có cùng triệu chứng; điều trị bệnh.  
653 |a Y đa khoa 
942 |2 ddc  |c BK 
952 |0 0  |1 0  |2 ddc  |4 0  |6 616_100000000000000_V308  |7 0  |9 7430  |a 000001  |b 000001  |d 2018-04-21  |o 616.1 V308  |p MD.11540  |r 2018-04-21  |v 202000.00  |w 2018-04-21  |y BK 
952 |0 0  |1 0  |2 ddc  |4 0  |6 616_100000000000000_V308  |7 0  |9 7431  |a 000001  |b 000001  |d 2018-04-21  |o 616.1 V308  |p MD.11895  |r 2018-04-21  |v 202000.00  |w 2018-04-21  |y BK 
952 |0 0  |1 0  |2 ddc  |4 0  |6 616_100000000000000_V308  |7 0  |9 7432  |a 000001  |b 000001  |d 2018-04-21  |o 616.1 V308  |p MD.11896  |r 2018-04-21  |v 202000.00  |w 2018-04-21  |y BK 
952 |0 0  |1 0  |2 ddc  |4 0  |6 616_100000000000000_V308  |7 0  |9 7433  |a 000001  |b 000001  |d 2018-04-21  |l 1  |o 616.1 V308  |p MD.11897  |r 2019-05-14  |s 2019-05-09  |v 202000.00  |w 2018-04-21  |y BK 
952 |0 0  |1 0  |2 ddc  |4 0  |6 616_100000000000000_V308  |7 0  |9 7434  |a 000001  |b 000001  |d 2018-04-21  |l 1  |o 616.1 V308  |p MD.11898  |r 2018-10-04  |s 2018-09-20  |v 202000.00  |w 2018-04-21  |y BK 
952 |0 0  |1 0  |2 ddc  |4 0  |6 616_100000000000000_V308  |7 0  |9 7924  |a 000001  |b 000001  |d 2018-05-05  |l 1  |o 616.1 V308  |p MD.10893  |r 2019-05-09  |s 2019-04-26  |v 202000.00  |w 2018-05-05  |y BK 
952 |0 0  |1 0  |2 ddc  |4 0  |6 616_100000000000000_V308  |7 0  |9 7925  |a 000001  |b 000001  |d 2018-05-05  |o 616.1 V308  |p MD.10894  |r 2018-05-05  |v 202000.00  |w 2018-05-05  |y BK 
980 |a Thư viện Trường Đại học Nam Cần Thơ